000 00388nam a2200157Ia 4500
008 220204s9999 xx 000 0 und d
082 _a631.4(540)
_bARA
100 _aARAKERI, H R
245 0 _aSoil management in India.
260 _aBombay
_bAsia
_c1959
650 _aFarm mechanisation
650 _aFertilizers
650 _aGreen manuring
650 _aWeed control
942 _cBK
999 _c20191
_d20191